| 000 | 00979nam a22003257a 4500 | ||
|---|---|---|---|
| 003 | CHAP | ||
| 005 | 20220329134815.0 | ||
| 008 | 971013s1962 r 00010 d | ||
| 010 | _a26278 | ||
| 011 | _a27250 | ||
| 035 | _a31351 | ||
| 040 | _cCHAP | ||
| 090 | _aFolleto 9409 | ||
| 100 | 0 | 0 |
_aButler, J. D. _916436 |
| 245 |
_aHydroponics as a hobby _b: growing plants without soil |
||
| 260 |
_aUrbana : _bUniversity of Illinois. College of Agriculture, _c1962 |
||
| 300 |
_a16 p. _b: ilus. |
||
| 490 |
_aCircular CIASE _v; 844 |
||
| 500 | _aFotocopia | ||
| 590 |
_aBATCH-UPD _b10 _c20130110 _lUCH01 _h0915 |
||
| 590 |
_aBATCH-UPD _b10 _c20130914 _lUCH01 _h0758 |
||
| 590 |
_aCONVERSION _b10 _c20130109 _lUCH01 _h1315 |
||
| 650 | 1 | 4 |
_aHidroponÃa. _955280 |
| 650 | 1 | 4 |
_aSoluciones nutritivas. _9108527 |
| 700 | 0 |
_aOebker, N. F. _982760 |
|
| 830 | 0 |
_aCircular CIASE _v; 844 _923374 |
|
| 901 | _aBK | ||
| 942 | _cFOLL | ||
| 949 |
_aFolleto 9409 _bBC _cFOLL _d-72546 _eTS1 _i31351 _si |
||
| 999 |
_c26278 _d26278 |
||